Die Wirkung von Kriminalität auf den ungarischen Tourismus

Bibliographic Details
Main Author: Szántó Viktória
Other Authors: Kleininger Pál
Format: Thesis
Kulcsszavak:Kriminalität
Ungarischer Tourismus
Kriminalstatistik
Opfer
Strafhandlung
Online Access:http://dolgozattar.uni-bge.hu/6157

MARC

LEADER 00000nta a2200000 i 4500
001 dolg6157
005 20180227142301.0
008 160512suuuu hu om 000 ger d
040 |a BGE Dolgozattár Repozitórium  |b hun 
041 |a de 
100 1 |a Szántó Viktória 
245 1 4 |a Die Wirkung von Kriminalität auf den ungarischen Tourismus  |c Szántó Viktória  |h [elektronikus dokumentum] 
695 |a Kriminalität 
695 |a Ungarischer Tourismus 
695 |a Kriminalstatistik 
695 |a Opfer 
695 |a Strafhandlung 
700 1 |a Kleininger Pál  |e ths 
856 4 0 |u http://dolgozattar.uni-bge.hu/6157/1/merged_document_2.pdf  |z Dokumentum-elérés